000
00322nam a2200109Ia 4500
008
220216s9999 xx 000 0 und d
100
_a
Krishnakumar R
245
0
_a
Recent advances in TPD research
260
_b
IRRDB International Rubber Conference, 27-29 October 2009, Bogor, Indonesia
700
_a
Jacob J
942
_c
BS
999
_c
53103
_d
53103